| 000 | 01401nam a2200241Ia 4500 | ||
|---|---|---|---|
| 003 | Ost | ||
| 005 | 20260507075323.0 | ||
| 008 | 260507s9999||||xx |||||||||||||| ||und|| | ||
| 020 | _a52073399579 | ||
| 040 | _cfsecg | ||
| 041 | _aara | ||
| 082 | _a332.41 | ||
| 100 |
_aالزبيدي، حسين بن سالم جابر _eمؤلف |
||
| 245 | 0 |
_aالتضخم و الكساد / _c حسين بن سالم جابر الزبيدي |
|
| 260 |
_aعمان: _bمؤسسة الوراق للنشر والتوزيع, _c2011 |
||
| 300 |
_a477 صفحة؛ _bإيضاحات ؛ _c25 سم |
||
| 504 | _aببليوغرافيا: ص.463-477 | ||
| 520 | _aمفهوم التضخم و الكساد و قياسه، المؤسسة النقدية و دورها في الحد من التضخم و الكساد، لمحة عن أسباب التضخم و الكساد من الناحية الخارجية و من الناحية العلمية والعامة و هذه الاخيرة تناولت الهوس الاستهلاكي و مشكلة التضخم، الاحتكارو البطالة و مشكلة التضخم و الكساد و نتائج التضخم و الكساد، اجراءات و حلول وقائية من أخطار التضخم و الكساد | ||
| 653 | _aالأزمات الإقتصادية | ||
| 653 | _aالتضخم المالي | ||
| 653 | _aالكساد الإقتصادي | ||
| 942 | _cكتاب | ||
| 999 |
_c43946 _d43946 |
||